000 00463nam a2200157Ia 4500
008 151213s9999 xx 000 0 und d
100 _aAnthony Swenders Marcia Millan Cornett
245 _aFinancial Institution Management
_cAnthony Swenders Marcia Millan Cornett
250 _a5TH
260 _aNew York
_bMc Graw Hill
_c2006
300 _a6915 p.
650 _aFinance
650 _aFinance
700 _aAnthony Swenders Marcia Millan Cornett
999 _c3707
_d3707